000 00676nam a2200265Ia 4500
003 OSt
005 20221006142313.0
006 a|||||r|||| 00| 0
007 ta
008 221006b |||||||| |||| 00| 0 eng d
020 _a9780333665251
_cP40.00
024 _a6,012
037 _cTextual
040 _aEASL
_cEASL
_beng
041 _2eng
_aeng
082 _aV4:191.N96, N7
100 _aYU George T. Ed.
_9444095
245 0 _aAsia's new world order
260 _aLondon
_bMacmillan
_c1997
300 _a215p.
_ccm.
490 _v Gen
650 _aGen
942 _hV4:191.N96, N7
_cTEXL
_2CC
999 _c1074098
_d1074098